000 00820nam a2200241 a 4500
008 951121s1987||||[C 0 slo c
020 _c160 Kčs.
_q(40000 výtl.)
040 _aSNK
_bslo
_cSNK
_eAACR2
041 1 _aslo
_hspa
044 _axo
_cSK
080 _a7.031/.032(091)
080 _a72(091)
100 1 _aPijoan, José
_4aut
245 1 0 _aDejiny umenia. /Zv./ 1
_cJosé Pijoan ; Anna Škorupová, Ľudmila Zapletalová, Juraj Žáry
250 _a2., vyd.
260 _aBratislava
_bTatran
_c1987
_ePraha
_fSvoboda
300 _a336 s., 65,33 AH
_c30 cm
500 _aFot. na front. a predsádkach. Reg. Litografické filmy reprod. dodalo nakladateľstvo Salvat Editores, S. A.
700 1 _aŠkorupová, Anna
_4trl
700 1 _aZapletalová, Ľudmila
_4bkd
700 1 _aŽáry, Juraj
_4oth
958 _aA
999 _c14952
_d14952